Countries that Start/End with the Same Letter - Statistics

General Stats
  • This quiz has been taken 44 times
  • The average score is 11 of 15
Answer Stats
Letter Answer % Correct
A Albania
89%
A Armenia
87%
A Algeria
82%
A Andorra
82%
A Argentina
82%
A Australia
82%
A Angola
79%
A Antigua and Barbuda
76%
A Austria
76%
S Saint Kitts and Nevis
68%
S Seychelles
68%
S Saint Vincent and the Grenadines
66%
S Solomon Islands
63%
C Czech Republic
55%
C Central African Republic
53%
No matching quizzes found
Score Distribution
Percent of People with Each Score
Percentile by Number Answered
Your Score History
You have not taken this quiz